Pensión de alimentos y divorcio. Estudio crítico de la cláusula de dureza.
Guardat en:
| Autor principal: | |
|---|---|
| Format: | Desconegut |
| Idioma: | anglès |
| Publicat: |
Santiago, Chile
Hammurabi
2020
|
| Edició: | Primera edición |
| Col·lecció: | Estudios de Derecho Familiar
|
| Matèries: | |
| Etiquetes: |
Afegir etiqueta
Sense etiquetes, Sigues el primer a etiquetar aquest registre!
|
MARC
| LEADER | 00000 a2200000 4500 | ||
|---|---|---|---|
| 003 | CL-VaPUC | ||
| 005 | 20211120011431.0 | ||
| 008 | 201229b ||||| |||| 00| 0 eng d | ||
| 999 | |c 432406 |d 432404 | ||
| 020 | |a 9789566072027 | ||
| 040 | |c Pontificia Universidad Católica de Valparaíso | ||
| 082 | 1 | 4 | |2 21 |a 346.83016 MOR 2020 |
| 100 | |a Moreno Pérez de Arce,Trinidad |9 859065 | ||
| 245 | |a Pensión de alimentos y divorcio. |b Estudio crítico de la cláusula de dureza. | ||
| 250 | |a Primera edición | ||
| 260 | 0 | 3 | |a Santiago, Chile |b Hammurabi |c 2020 |
| 300 | |a 200 páginas | ||
| 440 | |a Estudios de Derecho Familiar |9 859101 | ||
| 583 | |k Hugo Gaete |c 20201229 | ||
| 650 | 0 | |a Derecho de familia |9 255603 |x Pensión alimenticia |x Derecho procesal civil | |
| 650 | 0 | 0 | |a Derecho de alimentos |x Incumplimiento de la obligación |9 258635 |
| 650 | 0 | 0 | |a Divorcio unilateral |9 256204 |x Naturaleza jurídica |x Derecho procesal de familia |
| 942 | |2 ddc |c BK | ||
| 952 | |0 0 |1 0 |2 ddc |4 0 |6 346_830160000000000_MOR_2020 |7 0 |8 A |9 577320 |a BIBDER |b BIBDER |d 2020-12-29 |e 22 |g 25500.00 |i 5580773 |l 1 |o 346.83016 MOR 2020 |p 5580773 |r 2024-09-23 |s 2024-09-12 |t 1 |v 25500.00 |w 2020-12-29 |y BK |k DER | ||